Geology / (Record no. 12127)

000 -LEADER
fixed length control field 00662cam a2200205Ia 4500
020 ## - INTERNATIONAL STANDARD BOOK NUMBER
ISBN 9780071582759
020 ## - INTERNATIONAL STANDARD BOOK NUMBER
ISBN 0071582754
040 ## - CATALOGING SOURCE
Transcribing agency BTCTA
082 ## - DEWEY DECIMAL CLASSIFICATION NUMBER
Classification number 508 MCG 2008 A032 Or.
100 1# - MAIN ENTRY--AUTHOR NAME
Personal name Rothery, David A.
245 10 - TITLE STATEMENT
Title Geology /
246 3# - VARYING FORM OF TITLE
Title proper/short title Teach yourself geology
250 ## - EDITION STATEMENT
Edition statement New ed.
260 ## - PUBLICATION, DISTRIBUTION, ETC. (IMPRINT)
Place of publication Blacklick, OH :
Name of publisher McGraw-Hill Companies,
Year of publication 2008.
300 ## - PHYSICAL DESCRIPTION
Number of Pages x, 278 p. :
Other physical details ill. ;
Dimensions 20 cm.
490 1# - SERIES STATEMENT
Series statement Teach yourself
500 ## - GENERAL NOTE
General note "Discover the geological processes that shape our world ; Learn about the origin and evolution of the Earth ; Change the way you view the landscape around you."--Cover.
650 #0 - SUBJECT ADDED ENTRY--TOPICAL TERM
Topical Term Geology.
942 ## - ADDED ENTRY ELEMENTS (KOHA)
Koha item type សៀវភៅភាសាអង់គ្លេស
952 ## - LOCATION AND ITEM INFORMATION (KOHA)
Withdrawn status [LOCAL, KOHA] 0
Holdings
Permanent Location Date acquired Koha item type Lost status Shelving location Barcode Current Location Full call number
Library Block A2017-08-10សៀវភៅភាសាអង់គ្លេស A032A07963Library Block A508 MCG 2008 A032 Or.
មជ្ឈមណ្ឌលឯការនៃសាកលវិទ្យាល័យភូមិន្ទកសិកម្មចំការដូង

Powered by Koha